| 000 | 00911cam a22001694a 4500 | ||
|---|---|---|---|
| 005 | 20250605163654.0 | ||
| 008 | 250528s ||||||||||||||||||||||||d | ||
| 035 | _a24001 | ||
| 040 |
_aGR-AtMCL _bgre _dGR-AtMCL _eAACR2 |
||
| 245 | 1 | _aSupply Chain and Logistics / Το Περιοδικό για την Εφοδιαστική Αλυσίδα | |
| 260 |
_bParametros Group _bScl Magazine, _c2016 |
||
| 300 | _a80 | ||
| 520 | _aEU Projects για την Εφοδιαστική Αλυσίδα και τις Μεταφορές: Ευρωπαϊκή Έρευνα με Καινοτόμα Εργαλεία για την Αγορά, Η ΕΤΕπ Καλεί και την Ιδιωτική Πρωτοβουλία για Συζήτηση Επενδυτικών Έργων, New Era σε Νέες Εγκαταστάσεις με Μότο 'Deliver Solutions'. | ||
| 942 | _cCR | ||
| 999 |
_c8904 _d8904 |
||